000 03838cam a22013214i 4500
003 PE-LiUPU
005 20250813185426.0
008 190102s2018 pe a rb 000 0 spa d
020 _a9786123220907
020 _a612322090X
035 _a(Sirsi) a251268
040 _aPE-LiUPU
_bspa
_cPE-LiUPU
_erda
049 _aPRUA
082 0 4 _a348.3
_bF61
_220
082 0 4 _a348.3
_bF61 2018
100 1 _aFlores Gallegos, Jorge,
_eautor.
245 1 0 _aManual tributario 2018 /
_cJorge Flores Gallegos, Gabriela del Pilar Ramos Romero.
246 3 _aManual tributario dos mil dieciocho
250 _aPrimera edición.
264 1 _aLima :
_bInstituto Pacífico,
_c2018.
300 _a531 páginas :
_bilustraciones ;
_c25 centímetros.
336 _atext
_2rdacontent
337 _aunmediated
_2rdamedia
338 _avolume
_2rdacarrier
490 0 _aActualidad Empresarial
505 0 _aMarco tributario peruano -- Código tributario -- Comprobantes de pago -- Guías de remisión en el traslado de bienes -- Gobiernos locales -- Contribuciones sociales -- Gobierno central -- Sistema de pago de obligaciones tributarios (SPOT) -- T-Registro y plame.
526 _aP202
526 _aP201
526 _aP163
526 _aP162
526 _aP161
526 _aP160
526 _aP148
526 _aP147
526 _aP146
526 _aP145
526 _aP144
526 _aP143
526 _aP142
526 _aP141
526 _aP140
526 _aP139
526 _aP138
526 _aP137
526 _aP136
526 _aP135
526 _aP134
526 _aP133
526 _aP129
526 _aP128
526 _aP127
526 _aP120
526 _aP119
526 _aP118
526 _aP116
526 _aP115
526 _aP114
526 _aP110
526 _aP109
526 _aP108
526 _aP104
526 _aP103
526 _aP102
526 _aP99
526 _aP98
526 _aP97
526 _aP96
526 _aP95
526 _aP93
526 _aP90
526 _aP89
526 _aP88
526 _aP83
526 _aP82
526 _aP62
526 _aP59
526 _aP58
526 _aP57
526 _aP51
526 _aP49
526 _aP48
526 _aP47
526 _aP29
526 _aP24
526 _aP20
526 _aP19
526 _aP17
526 _aP15
526 _aP14
526 _aP12
526 _aP10
526 _aP09
526 _aP08
526 _aP07
526 _aP06
526 _aP05
526 _aP04
526 _aP01
650 0 4 _aDerecho tributario
_x-Legislación
_z-Perú
_x-Interpretación y aplicación.
650 0 4 _aSanciones tributarias
_z-Perú.
650 0 4 _aComprobantes de pago
_x-Aspectos legales
_z-Perú.
700 1 _aRamos Romero, Gabriela del Pilar,
_eautor.
910 _adbm
_bncf
_cncf
_d20190102
910 _agavs
_d20190801
942 _2ddc
_cBOOK
949 _a348.3 F61 2018
_wDEWEY
_c1
_iFT04164
_lCCODEBUT1
_mBUT
_p{dolar}30.00
_r0
_sY
_tBOOK
_u2019-08-01
_xFCE
_PP08
_0DONACIÓN
_o.STAFF. Colección General Tarapoto
994 _aC0
_bPEPRU
596 _a1 2
999 _a348.3 F61
_wLC
_c30692
_i79718
_d30692
_e2019-3-29
_f2021-11-5
_g4
_lCCODEBUL1
_mBUL
_n2
_p30.00
_r0
_sY
_tBOOK
_u2019-1-2
_xFCE
_PP08
_0DONACION
_1FCOMPR2
_o.STAFF. Colección Ciencias Empresariales
999 _a348.3 F61 2018
_wDEWEY
_c1
_iFT04164
_lCCODEBUT1
_mBUT
_r0
_sY
_tBOOK
_u2019-8-1
_xFCE
_PP08
_0DONACION
_1FCOMPR4
_o.STAFF. Colección General Tarapoto
980 _81
_gALBERTO SANCHEZ Responsable de Automatización